000 00321nab a22001097u 4500
008 130520b2011 xxu||||| |||| 00| 0 spa d
041 _aspa
100 1 _aMo Sung, Jung
_95381
245 0 0 _aReligión y economía: interfaces
_cJung Mo Sung
773 0 _tConcilium
_gnº343,2011,págs. 11-22
_x0210-1041
_wRev134
942 _cAR
999 _c418467
_d418467